000
00318nam a22001337a 4500
008
170804b xxu||||| |||| 00| 0 eng d
020
_a
9781418835392
041
_a
eng
080
_a
004
100
_a
33
101
_a
SHKI
245
_a
ADVANCED GUIDE TO LINUX NETWORKING AND SECURITY
_c
SAWICKI, E
942
_2
udc
_c
BK
999
_c
22684
_d
22684